Conservació de documents de gran format : criteris i recomanacions bàsiques / Àngels Borrell i Crehuet, Carme Bello i Urgellés criteris i recomanacions bàsiques / Àngels Borrell i Crehuet, Carme Bello i Urgellés
ISBN:
84-9779-303-x
Descripción Física:
104 p. : il. col. ; 21 cm
Otros Autores:
Bello Urgellès, Carme
MARC
| LEADER | 00000nam a2200000Ia 4500 | ||
|---|---|---|---|
| 001 | 19508 | ||
| 008 | 160829s2005 xx 000 0 cat d | ||
| 020 | |a 84-9779-303-x | ||
| 080 | |a A-2-297 | ||
| 100 | |a Borrell Crehuet, Àngels |9 28786 | ||
| 245 | |a Conservació de documents de gran format : |b criteris i recomanacions bàsiques / Àngels Borrell i Crehuet, Carme Bello i Urgellés | ||
| 250 | |a 2a. ed., rev. | ||
| 260 | |a Lleida : |b Ajuntament de Lleida : |b Pagès Editors, |c 2005 | ||
| 300 | |a 104 p. : |b il. col. ; |c 21 cm | ||
| 590 | |a Bibliografia | ||
| 650 | |a Cartells |x Conservació i restauració |9 20682 | ||
| 650 | |a Estampes |x Conservació i restauració |9 20683 | ||
| 650 | |a Mapes |x Conservació i restauració |9 20684 | ||
| 700 | |a Bello Urgellès, Carme |9 28783 | ||
| 710 | 1 | |a Lleida (Catalunya). |b Ajuntament |9 54073 | |
| 901 | |a Arxiu | ||
| 942 | |n 1 | ||
| 952 | |0 0 |1 0 |4 0 |6 A2297 |7 1 |9 48120 |a Arxiu |b Arxiu |d 2016-12-01 |l 0 |o A-2-297 |p 19508 |r 2016-12-01 00:00:00 |w 2016-12-01 |y ARXIU | ||
| 999 | |c 51923 |d 51923 | ||